| 000 | 00652nam a2200169 a 4500 | ||
|---|---|---|---|
| 001 | 000031663 | ||
| 003 | DO-SdBNP | ||
| 005 | 20250205102509.0 | ||
| 008 | 110629s1990 dr 000 0 spa d | ||
| 040 |
_aDO-SdBNP _bspa _cBNPHU |
||
| 049 | _aBNPD | ||
| 110 | 1 |
_aRepública Dominicana. _bSecretaría de Estado de Educación, Bellas Artes y Cultos _923965 |
|
| 245 | 1 | 0 |
_aHacia un año escolar exitoso : _bpolíticas educativas,calendario escolar y sugerencias para el inicio del año escolar de 1990-1991. |
| 260 |
_aSanto Domingo : _bSecretaría de Estado de Educación, Bellas Artes y Cultos, _c1990. |
||
| 300 |
_a40 p. ; _c22 cm. |
||
| 942 |
_2ddc _cLBS1 |
||
| 999 |
_c31155 _d31155 |
||